| 000 | 00969nam a2200229 a 4500 | ||
|---|---|---|---|
| 001 | 39545 | ||
| 003 | BD-RjUL | ||
| 005 | 20211209053019.0 | ||
| 008 | 160716r20101983ii ||||| |||| 00| 0 ben d | ||
| 020 |
_a8170666333 _c: Tk 333.33 |
||
| 035 | _a(BD-RjUL)39658 | ||
| 040 |
_aBD-RjUL _bben _cBD-RjUL |
||
| 041 | _aben | ||
| 082 |
_223 _a891.444 _bDES 2010 |
||
| 245 |
_aদেশ : _bসুবর্ণজয়ন্তী প্রবন্ধ সংকলন (১৯৩৩-১৯৮৩) / _cসাগরময় ঘোষ. |
||
| 260 |
_aকলকাতা : _bআনন্দ পাবলিশার্স প্রাইভেট লিমিটেড, _c১৯৮৩ [৭ম মুদ্রণ ২০১০]. |
||
| 300 |
_a[৪], ২৮৮ পৃ. ; _c২৪ সেমি. |
||
| 650 |
_aবাংলা প্রবন্ধ সংগ্রহ _9121332 |
||
| 650 |
_aBengali essay _9121333 |
||
| 700 |
_aঘোষ, সাগরময়. _9121764 |
||
| 942 |
_2ddc _cBK |
||
| 999 |
_c39545 _d39545 |
||